Beyoncé - Chansons commençants par F - Statistiques

Statistiques générales
  • Ce quiz a été pris 9 fois
  • Le résultat moyen est 4 sur 9
Statistiques - réponses
F % Correct
Flamenco
71%
Flawless
71%
Formation
57%
Freedom
57%
Freakum Dress
43%
FIND YOUR WAY BACK
29%
Forward
29%
Fever
14%
Friends
14%
Aucun quiz correspondant
Distribution des résultats
% des personnes avec chaque résultat
Percentile par nombre de réponses
Votre historique - résultats
Vous n’avez pas pris ce quiz